Geography Quiz

Random Geography or City Quiz
Score 0/16 Timer 07:00
0 Plays Today
Population City % Correct
10,682Mariehamn
94%
1,028Eckerö
68%
452Geta
66%
3,662Jomala
62%
632Föglö
62%
411Vårdö
62%
355Kökar
62%
1,080Sund
60%
Population City % Correct
144Sottunga
60%
1,829Lemland
58%
2,412Finström
56%
1,395Hammarland
56%
384Kumlinge
56%
515Brändö
54%
335Lumparland
54%
1,691Saltvik
50%
Remove Ads.
Support Sporcle.
Get the best of Sporcle when you Go Orange. This ad-free experience offers more features, more stats, and more fun while also helping to support Sporcle. Thank you for becoming a member.

You're not logged in!

Compare scores with friends on all Sporcle quizzes.
OR
Log In

Show Comments

Extras

Top Quizzes Today


Score Distribution

Your Account Isn't Verified!

In order to create a playlist on Sporcle, you need to verify the email address you used during registration. Go to your Sporcle Settings to finish the process.

Report this User

Report this user for behavior that violates our Community Guidelines.

Details: